zpět

Detail výsledku týmu

The PUB Praha 6 , Praha

Datum a čas kvízu

32.5 Celkem bodů Celkový počet nahraných bodů na tomto kvízu bez doplňovacích otázek.
6. Pořadí na kvízu Konečné umístění týmu na tomto kvízu.

Zaznamenané odpovědi

# Otázka Odpověď Body Výsledky
1. Minulý týden informovala Fakul... o základní kámen 1
2. Charitativní obchůdek v anglic... erotické pomůcky 1
3. Minulý týden prozradili organi... Slipknot 0
4. V pátek byl v Praze, při příle... Belgie 1
5. V pátek se konala boxerská exh... Mike Tyson, Jake Paul 1
6. Většina z nás se v dětství uči... salmiak 1
7. Který z těchto smyslů je u člo... sluch (z ucha) 0
8. Kytovci a netopýři dokáží vysí... echolokace 1
9. Těsné propojení čichu a chuti... A 0
10. Buňky v sítnici lidského oka c... tyčinky 1